5HLuxD.jpg

KING HENRY VIII SENIOR AND PRIMARY SCHOOL LIBRARY OPAC

Cambridge IGCSE & O level complete physics. Student book / (Record no. 1137)

000 -LEADER
fixed length control field 00684nam a22002177a 4500
005 - DATE AND TIME OF LATEST TRANSACTION
control field 20211129085513.0
008 - FIXED-LENGTH DATA ELEMENTS--GENERAL INFORMATION
fixed length control field 211129b ||||| |||| 00| 0 eng d
020 ## - INTERNATIONAL STANDARD BOOK NUMBER
International Standard Book Number 9781382005944
040 ## - CATALOGING SOURCE
Transcribing agency KH8
082 ## - DEWEY DECIMAL CLASSIFICATION NUMBER
Classification number 530 POP
100 ## - MAIN ENTRY--PERSONAL NAME
Personal name Pople, Stephen
Relator term author
245 ## - TITLE STATEMENT
Title Cambridge IGCSE & O level complete physics. Student book /
Statement of responsibility, etc. Stephen Pople; Anna Harris
260 ## - PUBLICATION, DISTRIBUTION, ETC.
Place of publication, distribution, etc. Oxford :
Name of publisher, distributor, etc. Oxford University Press,
Date of publication, distribution, etc. 2020.
300 ## - PHYSICAL DESCRIPTION
Extent 1 volume :
Other physical details illustrations.
Dimensions 27 cm.
500 ## - GENERAL NOTE
General note Includes index.
650 ## - SUBJECT ADDED ENTRY--TOPICAL TERM
Topical term or geographic name entry element Physics
Form subdivision Examinations
General subdivision Study guides.
650 ## - SUBJECT ADDED ENTRY--TOPICAL TERM
Topical term or geographic name entry element Physics
Form subdivision Examinations.
700 ## - ADDED ENTRY--PERSONAL NAME
Personal name Harris, Anna
710 ## - ADDED ENTRY--CORPORATE NAME
Corporate name or jurisdiction name as entry element Oxford University Press
942 ## - ADDED ENTRY ELEMENTS (KOHA)
Source of classification or shelving scheme
Koha item type Books - Non Ficton
Holdings
Withdrawn status Lost status Source of classification or shelving scheme Damaged status Not for loan Collection code Permanent Location Current Location Shelving location Date acquired Total Checkouts Total Renewals Full call number Barcode Date last seen Date last checked out Copy number Price effective from Koha item type Public note Date due
Withdrawn         Non-Fiction KH8 Senior School Library KH8 Senior School Library Non Fiction 2021-11-29 2 1 530 POP 3KHSL000101862 2022-01-17 2021-12-15 1 2021-11-29 Books - Non Ficton This item has been moved to Teaching Resources TRKHSL000120  
Withdrawn         Non-Fiction KH8 Senior School Library KH8 Senior School Library Non Fiction 2021-11-29 1   530 POP 3KHSL000101863 2022-07-08 2021-12-09 2 2021-11-29 Books - Non Ficton This item has been moved to Teaching Resources TRKHSL000121  
Withdrawn         Non-Fiction KH8 Senior School Library KH8 Senior School Library Non Fiction 2021-11-29 1 1 530 POP 3KHSL000101864 2022-12-09 2021-12-09 3 2021-11-29 Books - Non Ficton This item has been moved to Teaching Resources TRKHSL000122  
          Non-Fiction KH8 Senior School Library KH8 Senior School Library Non Fiction 2021-11-29 3   530 POP 3KHSL000101865 2026-04-07 2026-04-07 4 2021-11-29 Books - Non Ficton   2026-07-03

Powered By KH8 IT Dept